000 00334nam a22001457a 4500
003 OSt
005 20211228154856.0
008 211228b |||||||| |||| 00| 0 eng d
040 _cHU
100 _aMICHAEL P. TODARE
_925813
245 _aECONOMIC DEVELOPMENT
260 _aINDIA
_bHALL
_c2017
300 _a860
942 _2ddc
_cBOOKS
_n0
999 _c24717
_d24717